Tratado de química orgánica / (Record no. 86518)

MARC details
000 -LEADER
campo de control de longitud fija 00615nam a2200169 i 4500
001 - NÚMERO DE CONTROL
campo de control 86518
003 - IDENTIFICADOR DE NÚMERO DE CONTROL
campo de control ES-MaACL
007 - CAMPO FIJO DE DESCRIPCIÓN FÍSICA--INFORMACIÓN GENERAL
campo de control de longitud fija t|
008 - DATOS DE LONGITUD FIJA--INFORMACIÓN GENERAL
campo de control de longitud fija 041213m19611969sp ||||1| spa d
100 1# - ENTRADA PRINCIPAL--NOMBRE DE PERSONA
Nombre de persona Klages, Friedrich.
9 (RLIN) 68171
245 10 - MENCIÓN DEL TÍTULO
Título Tratado de química orgánica /
Mención de responsabilidad, etc. Friedrich Klages ; [versión española por Vicente Gómez Aranda].
260 ## - PUBLICACIÓN, DISTRIBUCIÓN, ETC.
Lugar de publicación, distribución, etc. Barcelona, etc. :
Nombre del editor, distribuidor, etc. Reverté,
Fecha de publicación, distribución, etc. [1961-69]
300 ## - DESCRIPCIÓN FÍSICA
Extensión 4 v. :
Otras características físicas il. ;
Dimensiones 22 cm.
500 ## - NOTA GENERAL
Nota general Es el tomo I, 1ª y 2ª parte. Es el tomo I, 1ª parte. Es el tomo III. Es el tomo II.
700 1# - ENTRADA AGREGADA--NOMBRE PERSONAL
Nombre de persona Gómez Aranda, Vicente.
9 (RLIN) 57819
852 ## - LOCALIZACIÓN
Ubicación ES-MaACL
Número de control de estantería G-11532-5
Sublocalización o colección R.48223
Holdings
Estatus retirado Estado de pérdida Estado de daño No para préstamo Biblioteca de origen Biblioteca actual Ubicación en estantería Fecha de adquisición Fuente de adquisición Total de préstamos Signatura topográfica completa Código de barras Visto por última vez Precio de reemplazo Tipo de ítem Koha
        Biblioteca del Ateneo de Madrid Biblioteca del Ateneo de Madrid Sala Pecera Planta 3 17/01/2008     G-11532-5 1090390 23/02/2023 23/02/2023 Libro impreso